| 000 | 00570nam a22001697a 4500 | ||
|---|---|---|---|
| 005 | 20251108170857.0 | ||
| 008 | 250721s1998 xx 000 0 ara d | ||
| 082 | 1 | 4 | _a214/ماه |
| 100 | 1 | _aالكوسا، ماهر وليد رشيد | |
| 245 | 1 | 0 |
_aالذات : _bالذات الإلهية و إثباتية وجوده و الذات المخلوقة .... / |
| 264 | 1 |
_aعمان : _bمكتبة الدار الشامية، _c1998. |
|
| 300 | _a96ص | ||
| 650 | 1 | 7 | _aالعقيدة الإسلامية |
| 650 | 1 | 7 | _aالتوحيد |
| 942 |
_2ddc _cBK |
||
| 999 |
_c51123 _d51123 |
||